000 01782cam a2200217 4500500
005 20260329030054.0
041 _afre
042 _adc
100 1 0 _aJuton, Anthony
_eauthor
700 1 0 _aRain, Xavier
_eauthor
700 1 0 _aSauvant-Moynot, Valérie
_eauthor
700 1 0 _aOrsini, François
_eauthor
700 1 0 _aSaber, Christelle
_eauthor
700 1 0 _aBacha, Seddik
_eauthor
700 1 0 _aBéthoux, Olivier
_eauthor
700 1 0 _aLabouré, Éric
_eauthor
245 0 0 _aTechnologie des voitures électriques : Motorisations, batteries, hydrogène, interactions réseau
260 _bDunod,
_c2021.
520 _aL’électrification des véhicules ainsi que les fonctions d’autonomie partielle ou complète sont aujourd’hui l’objet de toutes les innovations des constructeurs automobiles. Rarement l’histoire aura vu une filière industrielle effectuer une mutation aussi rapide, renonçant à une prédominance de la motorisation thermique au profit de la motorisation électrique et aux systèmes informatiques embarqués. Fruit du travail d’une équipe de chercheurs, enseignants et ingénieurs, cet ouvrage présente les spécificités essentielles des différents organes de motorisation d’un véhicule électrique, ainsi que les notions fondamentales de génie électrique associées : les moteurs, l’électronique de puissance, les batteries, les chargeurs, les interactions avec le réseau électrique et la technologie de la pile à combustible. Il vise ainsi à accompagner cette mutation des compétences nécessaires dans l’industrie automobile, tout en évoquant les innovations à venir dans le domaine.
856 4 1 _uhttps://stm.cairn.info/technologies-des-voitures-electriques--9782100818068?lang=fr&redirect-ssocas=7080
999 _c1942198
_d1942198